009350000a22001810004500020001800000041000800018082001900026100002500045245012100070260002200191300001200213500009200225505034200317001000600659336002700665337003300692338002800725 a84-206-4749-70 aSPA04aG 291.17 L571m1 aLenoir, Frédéric10aLas metamorfosis de Dios : La nueva espiritualidad occidental / Frédéric Lenoir; María Hernández, Traductora aMadrid : Alianza a311 Pag aTítulo original : Les métamorphoses de Dieu. La nouvelle spiritualité accidentale00aLa individualización de lo religioso - La globalización de lo religioso - Religiones históricas: reacciones conservadoras y conflictos políticos - El fenómeno de las sectas - La modernidad y la religión revisitadas - ¿Un reencantamiento del mundo? - Las nuevas figuras de lo divino - Epílogo: La metamorfosis de lo sagrado12182 atextobtxt2rdacontent 2rdamediaasin mediaciónbn 2rdacarrieravolumenbnc